| 000 | 01276nam a2200301 i 4500 | ||
|---|---|---|---|
| 003 | EG-GICUC | ||
| 005 | 20260121101156.0 | ||
| 008 | 251108s1969 ua ||||fr|||| 00| 0 ara d | ||
| 040 |
_a EG-GICUC _bara _c EG-GICUC _d EG-GICUC _erda |
||
| 041 | 0 | _aara | |
| 082 | 0 | 4 |
_221 _a345.0538 _bع ب . م |
| 092 | 0 | 4 | _221 |
| 099 | _aLaw1 07 345.0538 ع ب . م 1969 | ||
| 100 | 0 |
_aعبدالفتاح حسن _eمؤلف. |
|
| 245 | 1 | 0 |
_aمبادئ القانون الإداري الكويتي / _cالدكتور عبدالفتاح حسن. |
| 264 | 1 |
_aالقاهرة : _bدار النهضة العربية, _c1969. |
|
| 300 |
_a578 صفحة ؛ _c24 سم |
||
| 336 |
_2rda content _atext |
||
| 337 |
_2rda media _aComputer |
||
| 338 |
_2rda carrier _aOnline Resource |
||
| 504 | _aيشتمل على إرجاعات ببليوجرافية. | ||
| 505 | _aالأسس االعامة للقانون الادارى-تنظيم الادارة العامة-عمال الادارة-القرارات الادارية-العقود الادارية-الاموال العامة | ||
| 546 | _aالنص باللغة العربية | ||
| 650 | 1 | 4 | _aالقانون الادارى |
| 856 | 4 | 0 | _uhttps://fll.law.cu.edu.eg/fulltext/bks/B07-00735.pdf |
| 905 |
_a47 _eHassnaa |
||
| 942 |
_2ddc _cBK _e21 _n0 |
||
| 999 |
_c41704 _d41704 |
||